Univerzální předplatní karty a bankovní systém
V posledných rokoch bol v zahraničí vyvinutý nový bezhotovostný platobný nástroj - viacúčelová predplatná karta (elektronická peňaženka). Bankové asociácie Europay/Master Card a VISA pripravujú spoločné zavedenie čipových kariet už v roku 1996. Princípy prevádzky elektronických peňaženiek. Výhody pr...
Na minha lista:
| Autor principal: | |
|---|---|
| Formato: | Capítulo de Livro |
| Idioma: | tcheco |
| Assuntos: | |
| Tags: |
Sem tags, seja o primeiro a adicionar uma tag!
|
MARC
| LEADER | 00000naa a2200000 4500 | ||
|---|---|---|---|
| 001 | r024346 | ||
| 005 | 20221213081813.0 | ||
| 041 | 0 | |a cze | |
| 044 | |a CZ | ||
| 245 | 1 | 0 | |a Univerzální předplatní karty a bankovní systém |c Pavel Juřík |
| 520 | |a V posledných rokoch bol v zahraničí vyvinutý nový bezhotovostný platobný nástroj - viacúčelová predplatná karta (elektronická peňaženka). Bankové asociácie Europay/Master Card a VISA pripravujú spoločné zavedenie čipových kariet už v roku 1996. Princípy prevádzky elektronických peňaženiek. Výhody pre účastníkov. Záujem centrálnych bánk EÚ o predplatné karty. Situácia v ČR. | ||
| 610 | 2 | 0 | |a styk platobný bezhotovostný |
| 610 | 2 | 0 | |a karty platobné |
| 610 | 2 | 0 | |a Europay/Master Card |
| 610 | 2 | 0 | |a VISA |
| 610 | 2 | 0 | |a Česko |
| 100 | 1 | |a Juřík, Pavel | |